Obras dramáticas (Registro nro. 165987)
[ vista simple ]
| 000 -ENCABEZADO | |
|---|---|
| Número de control [NR] | 01121cam a2200241M 4500 |
| 005 - FECHA Y HORA DE LA ÚLTIMA TRANSACCIÓN | |
| control field | 20170724121954.0 |
| 008 - DE LONGITUD FIJA DE DATOS DE ELEMENTOS - INFORMACIÓN GENERAL | |
| Elementos de longitud fija [NR] | 840302s1922 ck fr 001 d spa d |
| 040 ## - FUENTE DE CATALOGACION [NR] | |
| Agencia de catalogación original [NR] | ZAS |
| Quien Cataloga | Sandra Yazo (modificó) |
| Quien Clasifica | Sandra Yazo (modificó) |
| 041 0# - CODIGO DE IDIOMA [R] | |
| Código de idioma para texto/pista de sonido o título separado [R] | Español |
| 050 14 - SIGNATURA TOPOGRAFICA DE LA BIBLIOTECA DEL CONGRESO (LC) [R] | |
| Número clasificador [R] | 20 |
| Número del ítem [NR] | 862.5861 |
| 092 ## - SIGNATURA TOPOGRAFICA LOCAL | |
| Número de clasificación local | E25N018 |
| 100 1# - ASIENTO PRINCIPAL--NOMBRE PERSONAL [NR] | |
| Nombre personal [NR] | Álvarez Lleras, Antonio |
| Fechas asociadas con el nombre [NR] | 1892-1956 |
| ID Autoridad | 33620 |
| 245 10 - MENCION DE TITULO [NR] | |
| Título [NR] | Obras dramáticas |
| Mención de responsabilidad, etc. [NR] | de A. Alvarez Lleras... |
| 260 ## - PUBLICACION, DISTRIBUCION, ETC. (PIE DE IMPRENTA) [R] | |
| Lugar de publicación, distribución, etc. [R] | Bogotá (Colombia) |
| Nombre del editor, distribuidor, etc. [R] | Imprenta y litografía de Juan Casis |
| Fecha de publicación, distribución, etc. [R] | 1922 |
| 300 ## - DESCRIPCION FISICA [R] | |
| Extensión [R] | 199 páginas |
| Dimensiones [R] | 21 x 14 cm. |
| 490 0# - MENCION DE SERIE [R] | |
| Mención de serie [R] | Biblioteca de la Sociedad Arboleda |
| Designación numérica/secuencial del volumen [NR] | 3 |
| 500 ## - NOTA GENERAL [R] | |
| Nota general [NR] | Detalles físicos: Encuadernación rígida (holandesa) en cartón forrado en papel, lomo en cuero con adornos en dorado. Guardas. Portada impresa en una sola tinta. Impresión en una sola columna, sobre papel de buena calidad. Algunas manchas de humedad. Cenefas |
| 505 0# - NOTA DE CONTENIDO CON FORMATO PREESTABLECIDO [R] | |
| Nota de contenido con formato preestablecido [NR] | Víboras sociales ; El fuego extraño ; Teatro infantil: El ángel de navidad |
| 506 ## - NOTA DE RESTRICCIONES DE ACCESO [R] | |
| Condiciones de acceso [NR] | Consulta en sala |
| 650 #7 - ASIENTO SECUNDARIO DE MATERIA - TERMINO TEMATICO [R] | |
| 9 (RLIN) | 25057 |
| Término temático o nombre geográfico como elemento de entrada [NR] | Teatro colombiano |
| 690 ## - ASUNTO AGREGADO LOCAL DE ENTRADA - TÉRMINO TEMÁTICO (OCLC, RLIN) | |
| Acceso temático local | Literatura colombiana |
| 9 (RLIN) | 18629 |
| 942 ## - ELEMENTOS DE ENTRADA AGREGADOS (KOHA) | |
| Tipo de ítem principal el descrito en 300a | Libro |
| Edición | 1 |
| Sistema de clasificación | LOCAL |
| Clasificación | E25N018 |
| Suprimido | Perdido | Sistema de clasificación | Dañado | No prestable | Tipo de ítem específico | Ubicación habitual | Ubicación actual | Localización | Fecha de creación | Forma de adquisición | Costo | Total préstamos | Signatura topográfica | Código de barras | Última vez visto | Ejemplar | Price effective from | Tipo de ítem |
|---|---|---|---|---|---|---|---|---|---|---|---|---|---|---|---|---|---|---|
| LOCAL | Libro archivo | Archivo Histórico | Archivo Histórico | Archivo histórico | 21/03/2013 | Desconocido | 0.00 | E25N018 | L003631 | 21/03/2013 | Ej.1 | 21/03/2013 | Libro |